| 000 | 00938nam a2200325 4500 | ||
|---|---|---|---|
| 001 | 79785 | ||
| 003 | DO-SdBNP | ||
| 005 | 20180221092745.0 | ||
| 007 | 79785 | ||
| 008 | 960524s1992 sp | ||| ||spa | ||
| 016 | 7 |
_a _2BPMSU |
|
| 017 |
_a _b |
||
| 020 | _a8434825708 | ||
| 035 | _a | ||
| 040 |
_aBPMSU _bspa _cBPMSU _e |
||
| 041 | 1 |
_aspa _h |
|
| 080 | 0 | _a | |
| 100 | 1 | _aHasler, Eveline | |
| 240 | 1 | 4 |
_aDas Schweinchen Bobo _lEspañol |
| 245 | 1 | 3 |
_aEl cerdito Lolo / _cEveline Hasler ; ilustraciones de Ángel Esteban ; [traducción del alemán, Jesús Larriba] _h |
| 250 | _a3ª ed. | ||
| 260 |
_aMadrid : _bSM, _c1992 |
||
| 300 |
_a63 p. : _c20 cm. |
||
| 490 | 1 |
_aEL Barco de Vapor. Serie Azul _v31 |
|
| 700 | 1 |
_aEsteban, Ángel _d1948- _eilustraciones |
|
| 830 | 3 |
_aEl barco de vapor. _pSerie azul _v31 |
|
| 942 |
_2ddc _cBK |
||
| 945 | _ainventariado, 2018 / dg | ||
| 956 |
_aVMATEO _210 _320151126 _6BPMSU _800151 |
||
| 999 |
_c8937 _d8937 |
||